Normal view
MARC view
- الأدب العربي - مقاومة الإحتلال
Entry Topical Term
001 - CONTROL NUMBER
- control field: 24206
003 - CONTROL NUMBER IDENTIFIER
- control field: JO-AjAnu
005 - DATE AND TIME OF LATEST TRANSACTION
- control field: 20230606074143.0
008 - FIXED-LENGTH DATA ELEMENTS
- fixed length control field: 230606|| aca||aabn | a|a d
040 ## - CATALOGING SOURCE
- Original cataloging agency: JO-AjAnu
- Transcribing agency: JO-AjAnu
150 ## - HEADING--TOPICAL TERM
- Topical term or geographic name entry element: الأدب العربي - مقاومة الإحتلال
670 ## - SOURCE DATA FOUND
- Source citation: Work cat.: (JO-AjAnu)12443: تحرير ومراجعة أبو أصبع، صالح ؛ عز الدين المناصرة ؛ محمد عبيد الله, author 24205, ثقافة المقاومة (2) في الآداب والفنون: أوراق مؤتمر فيلادلفيا الدولي العاشر - المؤتمر العلمي لكلية الآداب والفنون 25 - 28 نيسان( إبريل ) 2005